El arte de la performance / (Record no. 10019)

MARC details
000 -LEADER
campo de control de longitud fija 00745nam a2200241 i 4500
001 - NÚMERO DE CONTROL
campo de control 10019
003 - IDENTIFICADOR DE NÚMERO DE CONTROL
campo de control ES-MaACL
005 - FECHA Y HORA DE LA ÚLTIMA TRANSACCIÓN
campo de control 20250814063208.0
007 - CAMPO FIJO DE DESCRIPCIÓN FÍSICA--INFORMACIÓN GENERAL
campo de control de longitud fija t|
008 - DATOS DE LONGITUD FIJA--INFORMACIÓN GENERAL
campo de control de longitud fija 941004e1986 ag a |r 10|10 spa d
020 ## - NÚMERO INTERNACIONAL ESTÁNDAR DEL LIBRO
Número Internacional Estándar del Libro 950-9004-71-5
080 ## - NÚMERO DE LA CLASIFICACIÓN DECIMAL UNIVERSAL
Número de la Clasificación Decimal Universal 7.038.531
100 1# - ENTRADA PRINCIPAL--NOMBRE DE PERSONA
Nombre de persona Glusberg, Jorge,
Fechas asociadas al nombre 1932-2012
Término indicativo de función/relación Autor
9 (RLIN) 57463
245 13 - MENCIÓN DEL TÍTULO
Título El arte de la performance /
Mención de responsabilidad, etc. Jorge Glusberg
260 ## - PUBLICACIÓN, DISTRIBUCIÓN, ETC.
Lugar de publicación, distribución, etc. Buenos Aires :
Nombre del editor, distribuidor, etc. Ediciones de Arte Gaglianone,
Fecha de publicación, distribución, etc. [1986]
300 ## - DESCRIPCIÓN FÍSICA
Extensión 109 páginas :
Otras características físicas ilustraciones ;
Dimensiones 24 cm
650 #7 - PUNTO DE ACCESO ADICIONAL DE MATERIA--TÉRMINO DE MATERIA
Término de materia o nombre geográfico como elemento de entrada Performance (Arte)
Fuente del encabezamiento o término embne
9 (RLIN) 239883
650 #4 - PUNTO DE ACCESO ADICIONAL DE MATERIA--TÉRMINO DE MATERIA
Término de materia o nombre geográfico como elemento de entrada Arte-
Subdivisión cronológica S.XX
9 (RLIN) 141916
852 ## - LOCALIZACIÓN
Ubicación ES-MaACL
Sublocalización o colección R.122716
Ubicación en estantería Depósito 2
Número de control de estantería L-17397
942 ## - ELEMENTOS DE ENTRADA SECUNDARIOS (KOHA)
Fuente del sistema de clasificación o colocación Clasificación decimal universal
Tipo de ítem Koha Libro impreso
Suprimir en OPAC No
Holdings
Estatus retirado Estado de pérdida Estado de daño No para préstamo Biblioteca de origen Biblioteca actual Ubicación en estantería Fecha de adquisición Fuente de adquisición Total de préstamos Signatura topográfica completa Código de barras Visto por última vez Precio de reemplazo Tipo de ítem Koha
        Biblioteca del Ateneo de Madrid Biblioteca del Ateneo de Madrid Depósito 2 17/01/2008     L-17397 1010226 23/02/2023 23/02/2023 Libro impreso